00926cam a2200253 a 450000500170000000800410001701000150005802000150007302000180008804000390010604100080014524501090015326000820026230000590034450000210040354600220042465000590044665000260050565000240053170000280055570000280058370000300061170000310064120160713150445.01607 s2007 enkad fr 001 0 eng d a2006026534 a0195309286 a9780195309287 aCO-BoUMCcSaul NiñodSaul Niño0 aeng00aPricing decisions in the euro areabhow firms set prices and whycedited by Silvia Fabiani... [y otros.] aOxford (Inglaterra)aNew York (Estados Unidos)bOxford University Pressc2007 axvi, 292 páginasbilustraciones, gráficas y tablas aIncluye índice aTexto en inglés 7aPolítica de precios zPaíses de la Unión Europea 7aFijación de precios 7aControl de precios 1 aFabiani, Silviaeeditor1 aLoupias, Claireeeditor1 aMartins, Fernandoeeditor1 aSabbatini, Robertoeeditor